Normal view
MARC view
Entry Topical Term
001 - CONTROL NUMBER
- control field: 15522
003 - CONTROL NUMBER IDENTIFIER
- control field: ARRUPE
005 - DATE AND TIME OF LATEST TRANSACTION
- control field: 20150225120043.0
008 - FIXED-LENGTH DATA ELEMENTS
- fixed length control field: 150225|| aca||aabn | a|a d
040 ## - CATALOGING SOURCE
- Original cataloging agency: ARRUPE
- Transcribing agency: ARRUPE
150 ## - HEADING--TOPICAL TERM
- Topical term or geographic name as entry element: O'Collins, Gerald
670 ## - SOURCE DATA FOUND
- Source citation: Work cat.: (ARRUPE): O'Collins, Gerald 15521, On the bank of the tiber , 2013